| 000 | 00343nam a22001337a 4500 | ||
|---|---|---|---|
| 999 |
_c120833 _d120833 |
||
| 005 | 20200819121629.0 | ||
| 008 | 200819b1949 ||||| |||| 00| 0 eng | ||
| 082 | _a342.433 BAS | ||
| 245 | _aBasic law for the federal republic of Germany | ||
| 260 | _c1949 | ||
| 300 | _a40p | ||
| 651 | _2Basic Law - Republic of Germany | ||
| 942 |
_2ddc _cREP |
||